|
|
|
|
| LEADER |
00000nta a2200000 i 4500 |
| 001 |
dolg2867 |
| 005 |
20160304141124.0 |
| 008 |
150514suuuu hu om 000 hun d |
| 040 |
|
|
|a BGE Dolgozattár Repozitórium
|b hun
|
| 041 |
|
|
|a hu
|
| 100 |
1 |
|
|a Molnár Mihály
|
| 245 |
1 |
2 |
|a A pedagógus lehetőségei a szenvedélybetegségek megelőzésében
|c Molnár Mihály
|h [elektronikus dokumentum]
|
| 695 |
|
|
|a Szenvedélybetegség
|
| 695 |
|
|
|a Prevenció
|
| 700 |
1 |
|
|a Farkas Dr. Julianna
|e ths
|
| 856 |
4 |
0 |
|u http://dolgozattar.uni-bge.hu/2867/1/A%20pedag%C3%B3gus%20lehet%C5%91s%C3%A9gei%20a%20szenved%C3%A9lybetegs%C3%A9gek%20megel%C5%91z%C3%A9s%C3%A9ben.pdf
|z Dokumentum-elérés
|